000
00290nam a2200121Ia 4500
100
_a
Monday/ c.
942
_c
BK
654
_a
Production
245
_a
Milling Cutter Production & Calculation
260
_b
MAchinerys Standard Reference Series
_c
2001
082
_a
621.9
546
_a
ENGLISH
999
_c
34300
_d
34300